Culture Générale - Série 910 - Statistiques

Statistiques générales
  • Ce quiz a été pris 137 fois
  • Le résultat moyen est 5 sur 10
Statistiques - réponses
Question Réponse % Correct
De quelle langue le mot "hidalgo" est-il originaire ? espagnol
97%
En langage SMS, quelle abréviation utilise-t-on pour écrire "mort de rire" ? MDR
96%
Quel adjectif synonyme de "cassée" qualifie une pâte à tarte ? brisée
94%
Quel est le prénom de la fille aînée de Richard Bohringer ? Romane
66%
Selon la tradition romaine, quel est le prénom de l'apôtre, aussi appelé Simon, considéré comme le premier pape ? Pierre
62%
Quel adjectif qualifie “Les Enfants” dans une oeuvre de Jean Cocteau de 1929 ? terribles
51%
Quelle doctrine religieuse, fondée au IIIe siècle par Mani, oppose les principes du bien et du mal ? manichéisme
36%
Quel nom donne-t-on aux habitants de Charleville-Mézières ? Carolomacériens
8%
Quel État du Mexique a pour capitale Tuxtla Gutiérrez ? Chiapas
8%
Comment se nomme le dieu celte du Ciel et du Tonnerre ? Taranis
7%
Aucun quiz correspondant
Distribution des résultats
% des personnes avec chaque résultat
Percentile par nombre de réponses
Votre historique - résultats
Vous n’avez pas pris ce quiz